Touhou Project Music Quiz - Statistics

General Stats
  • This quiz has been taken 23 times
    22 since last reset
  • The average score is 240 of 1147
Answer Stats
Hint Song % Correct
Embodiment of Scarlet Devil | Immaterial and Missing Power | Immaterial and Missing Power OST Lunar Clock ~ Luna Dial
100%
Embodiment of Scarlet Devil U.N Owen Was Her?
100%
Sunken Fossil World | Sunken Fossil World OST U.N. Owen Was Her?
100%
Dolls in Pseudo Paradise U.N. Owen was Her?
100%
Changeability of Strange Dream | Embodiment of Scarlet Devil | Touhou Hisoutensoku | Touhou Hisoutensoku OST Shanghai Teahouse ~ Chinese Tea
93%
Changeability of Strange Dream | Imperishable Night Voyage 1969
93%
Imperishable Night | Retrospective 53 minutes Flight of the Bamboo Cutter ~ Lunatic Princess
86%
Antinomy of Common Flowers | Imperishable Night | Sunken Fossil World | +3 others Love-Colored Master Spark
86%
Embodiment of Scarlet Devil | Immaterial and Missing Power | Immaterial and Missing Power OST | +2 others Septette for the Dead Princess
86%
Immaterial and Missing Power OST Septette for the Dead Princess (Second Sign Arrange)
86%
Imperishable Night Voyage 1970
86%
Akyu's Untouched Score vol.1 | Lotus Land Story Bad Apple!!
79%
Antinomy of Common Flowers | Hopeless Masquerade | Hopeless Masquerade OST | +4 others Hartmann's Youkai Girl
79%
Immaterial and Missing Power OST Hiroari Shoots a Strange Bird ~ Till When?
79%
Immaterial and Missing Power OST Locked Girl (Second Sign Arrange)
79%
Embodiment of Scarlet Devil | Immaterial and Missing Power | Immaterial and Missing Power OST | +3 others Locked Girl ~ the Girl's Secret Room
79%
Immaterial and Missing Power OST Maiden's Capriccio
79%
Akyu's Untouched Score vol.1 Maiden's Capriccio ~ Capriccio
79%
Imperishable Night Maiden's Capriccio ~ Dream Battle
79%
Magical Astronomy | Perfect Cherry Blossom Necrofantasia
79%
Perfect Cherry Blossom | Phantasmagoria of Flower View Phantom Band ~ Phantom Ensemble
79%
Subterranean Animism Satori Maiden ~ 3rd eye
79%
Mountain of Faith The Gensokyo the Gods Loved
79%
Antinomy of Common Flowers | Antinomy of Common Flowers OST | Taboo Japan Disentanglement Yorimashi Between Dreams and Reality ~ Necro-Fantasia
79%
Immaterial and Missing Power OST | Perfect Cherry Blossom | Scarlet Weather Rhapsody | Scarlet Weather Rhapsody OST Bloom Nobly, Ink-Black Cherry Blossom ~ Border of Life
71%
Immaterial and Missing Power Bloom Nobly Ink-Black Cherry Blossom ~ Border of Life
71%
Perfect Cherry Blossom Border of Life
71%
Phantasmagoria of Flower View | Scarlet Weather Rhapsody | Scarlet Weather Rhapsody OST Flowering Night
71%
Subterranean Animism Green-Eyed Jealousy
71%
Undefined Fantastic Object Heian Alien
71%
Immaterial and Missing Power OST Hiroari Shoots a Strange Bird (Second Sign Arrange)
71%
Perfect Cherry Blossom | Scarlet Weather Rhapsody Hiroari Shoots a Strange Bird ~ Till When?
71%
Immaterial and Missing Power Hiroari Shoots a Strange Bird ~ Till When
71%
Immaterial and Missing Power OST Hiroari Shoots a Strange Bird (Trial Ver.)
71%
Antinomy of Common Flowers | Imperishable Night | Phantasmagoria of Flower View | +4 others Lunatic Eyes ~ Invisible Full Moon
71%
Immaterial and Missing Power | Lotus Land Story Maiden's Capriccio ~ Capriccio
71%
Sunken Fossil World OST Solar Sect of Mystic Wisdom
71%
Subterranean Animism | Sunken Fossil World | Touhou Hisoutensoku | Touhou Hisoutensoku OST Solar Sect of Mystic Wisdom ~ Nuclear Fusion
71%
Embodiment of Scarlet Devil | Touhou Hisoutensoku | Touhou Hisoutensoku OST Tomboyish Girl in Love
71%
Embodiment of Scarlet Devil | Immaterial and Missing Power | Immaterial and Missing Power OST | +2 others Voile, the Magic Library
71%
Bohemian Archive in Japanese Red | Scarlet Weather Rhapsody | Scarlet Weather Rhapsody OST | Shoot the Bullet Wind God Girl
71%
Phantasmagoria of Flower View Wind God Girl (Short Version)
71%
Antinomy of Common Flowers | Hopeless Masquerade | Hopeless Masquerade OST | +3 others Akutagawa Ryuunosuke's "Kappa" ~ Candid Friend
64%
Hopeless Masquerade OST Akutagawa Ryuunosuke's "Kappa" ~ Candid Friend (8bit)
64%
Embodiment of Scarlet Devil Apparitions Stalk the Night
64%
Unfinished Dream of All Living Ghost Corpse Voyage ~ Be of good cheer!
64%
Neo-Traditionalism of Japan | Phantasmagoria of Flower View Eastern Judgement in the Sixtieth Year ~ Fate of Sixty Years
64%
Retrospective 53 minutes Gensokyo Millennium ~ History of the Moon
64%
Mountain of Faith Native Faith
64%
Imperishable Night Plain Asia
64%
Embodiment of Scarlet Devil | Immaterial and Missing Power | Immaterial and Missing Power OST The Maid and the Pocket Watch of Blood
64%
Immaterial and Missing Power OST The Maid and the Pocket Watch of Blood (Second Sign Arrange)
64%
Double Spoiler | Impossible Spell Card | Mountain of Faith Youkai Mountain ~ Mysterious Mountain
64%
Subterranean Animism Corpse Voyage ~ Be of good cheer!
57%
Perfect Cherry Blossom Crystallized Silver
57%
Immaterial and Missing Power | Immaterial and Missing Power OST Doll Judgement
57%
Perfect Cherry Blossom Doll Judgement ~ The Girl Who Played With People's Shapes
57%
Changeability of Strange Dream Doll Judgement ~ The Girl who Played with People's Shapes
57%
Imperishable Night Gensokyo Millenium ~ History of the Moon
57%
Antinomy of Common Flowers | Imperishable Night | Retrospective 53 minutes | +2 others Reach for the Moon, Immortal Smoke
57%
Changeability of Strange Dream | Imperishable Night Retribution for the Eternal Night ~ Imperishable Night
57%
Dolls in Pseudo Paradise | Embodiment of Scarlet Devil Shanghai Alice of Meiji 17
57%
Sunken Fossil World OST The Venerable Ancient Battlefield
57%
Mountain of Faith | Sunken Fossil World The Venerable Ancient Battlefield ~ Suwa Foughten Field
57%
Ghostly Field Club | Perfect Cherry Blossom A Maiden's Illusionary Funeral ~ Necro-Fantasy
50%
Embodiment of Scarlet Devil A Soul as Red as a Ground Cherry
50%
Sunken Fossil World | Sunken Fossil World OST | Undefined Fantastic Object Captain Murasa
50%
Imperishable Night Cinderella Cage ~ Kagome-Kagome
50%
Mountain of Faith Dark Side of Fate
50%
Imperishable Night Deaf to All but the Song
50%
Ten Desires | Trojan Green Asteroid Desire Drive
50%
Perfect Cherry Blossom Diao Ye Zong (Withered Leaf)
50%
Ghostly Field Club | Immaterial and Missing Power | Immaterial and Missing Power OST | +2 others Eastern Ghostly Dream ~ Ancient Temple
50%
Antinomy of Common Flowers | Hopeless Masquerade | Hopeless Masquerade OST | +4 others Emotional Skyscraper ~ Cosmic Mind
50%
Imperishable Night Extend Ash ~ Hourai Victim
50%
Mountain of Faith Fall of Fall ~ Autumnal Waterfall
50%
Akyu's Untouched Score vol.1 | Lotus Land Story Gensokyo ~ Lotus Land Story
50%
Neo-Traditionalism of Japan | Subterranean Animism Heartfelt Fancy
50%
Subterranean Animism | Sunken Fossil World | Sunken Fossil World OST Hellfire Mantle
50%
Subterranean Animism Last Remote
50%
Embodiment of Scarlet Devil Lunate Elf
50%
Oriental Sacred Place 3 (CD) | Ten Desires Old Yuanxian
50%
Dr. Latency's Freak Report | Legacy of Lunatic Kingdom Pure Furies ~ Whereabouts of the Heart
50%
Ten Desires Rigid Paradise
50%
Mountain of Faith Road of the Misfortune God ~ Dark Road
50%
Antinomy of Common Flowers | Hopeless Masquerade | Hopeless Masquerade OST | +3 others Shoutoku Legend ~ True Administrator
50%
Subterranean Animism The Bridge People No Longer Cross
50%
Embodiment of Scarlet Devil | Sunken Fossil World | Sunken Fossil World OST The Centennial Festival for Magical Girls
50%
Immaterial and Missing Power | Perfect Cherry Blossom | Scarlet Weather Rhapsody | Scarlet Weather Rhapsody OST The Doll Maker of Bucureşti
50%
Immaterial and Missing Power OST The Doll Maker of București
50%
Immaterial and Missing Power OST The Doll Maker of București (Second Sign Arrange)
50%
Embodiment of Scarlet Devil The Young Descendant of Tepes
50%
Mountain of Faith Because Princess Inada is Scolding Me
43%
Ghostly Field Club | Imperishable Night Illusionary Night ~ Ghostly Eyes
43%
Subterranean Animism Lullaby of Deserted Hell
43%
Great Fairy Wars | Hopeless Masquerade | Hopeless Masquerade OST | Oriental Sacred Place 3 (CD) Magus Night
43%
Phantasmagoria of Flower View Oriental Dark Flight
43%
Perfect Cherry Blossom Paradise ~ Deep Mountain
43%
Dateless Bar "Old Adam" | Double Dealing Character | Impossible Spell Card Reverse Ideology
43%
Undefined Fantastic Object A Tiny, Tiny, Clever Commander
36%
Immaterial and Missing Power | Immaterial and Missing Power OST | Scarlet Weather Rhapsody | Scarlet Weather Rhapsody OST Broken Moon
36%
Mountain of Faith Cemetery of Onbashira ~ Grave of Being
36%
Double Dealing Character Dullahan Under the Willows
36%
Akyu's Untouched Score vol.5 | Dolls in Pseudo Paradise | Highly Responsive to Prayers Eternal Shrine Maiden
36%
Mountain of Faith | Touhou Hisoutensoku | Touhou Hisoutensoku OST Faith is for the Transient People
36%
Hopeless Masquerade | Hopeless Masquerade OST | Ten Desires Futatsuiwa From Sado
36%
Unfinished Dream of All Living Ghost Futatsuiwa from Sado
36%
Phantasmagoria of Flower View Gensokyo, Past and Present ~ Flower Land
36%
Ten Desires Ghost Lead
36%
Great Fairy Wars | Oriental Sacred Place 2 (CD) Great Fairy Wars ~ Fairy Wars
36%
Immaterial and Missing Power | Immaterial and Missing Power OST | Story of Eastern Wonderland | +2 others Love-Colored Magic
36%
Akyu's Untouched Score vol.3 Love-colored Magic
36%
Immaterial and Missing Power OST Love-Colored Magic (Second Sign Arrange)
36%
Immaterial and Missing Power OST Love-Colored Magic (Trial Ver.)
36%
Imperishable Night Nostalgic Blood of the East ~ Old World
36%
Dateless Bar "Old Adam" | Legacy of Lunatic Kingdom Pandemonic Planet
36%
Legacy of Lunatic Kingdom Pierrot of the Star-Spangled Banner
36%
Mountain of Faith Player's Score
36%
Double Dealing Character Primordial Beat ~ Pristine Beat
36%
Perfect Cherry Blossom Sakura, Sakura ~ Japanize Dream
36%
Undefined Fantastic Object Sky Ruin
36%
Perfect Cherry Blossom Spiritual Domination
36%
Perfect Cherry Blossom Spiritual Domination ~ Who Done it!
36%
Unfinished Dream of All Living Ghost Spiritual Domination ~ Who done it!
36%
Akyu's Untouched Score vol.4 | Phantasmagoria of Dim. Dream Strawberry Crisis!!
36%
Perfect Cherry Blossom The Capital City of Flowers in the Sky
36%
Subterranean Animism | Sunken Fossil World | Sunken Fossil World OST The Dark Blowhole
36%
Legacy of Lunatic Kingdom The Rabbit has Landed
36%
Forbidden Scrollery (CD) The Rabbit Has Landed
36%
Mountain of Faith | Touhou Hisoutensoku | Touhou Hisoutensoku OST Tomorrow Will Be Special, Yesterday Was Not
36%
Unknown Flower, Mesmerizing Journey Tomorrow will be Special, Yesterday was Not
36%
Perfect Cherry Blossom Ultimate Truth
36%
Undefined Fantastic Object | Unfinished Dream of All Living Ghost At the Harbor of Spring
29%
Wily Beast and Weakest Creature Beast Metropolis
29%
Sunken Fossil World | Sunken Fossil World OST | Undefined Fantastic Object Beware the Umbrella Left There Forever
29%
Sunken Fossil World | Sunken Fossil World OST Cemetery of Onbashira
29%
Akyu's Untouched Score vol.4 | Phantasmagoria of Dim. Dream Dim. Dream
29%
Scarlet Weather Rhapsody | Scarlet Weather Rhapsody OST Drunk as I like
29%
Imperishable Night Eternal Night Vignette ~ Eastern Night
29%
Antinomy of Common Flowers | Antinomy of Common Flowers OST | Legacy of Lunatic Kingdom | Violet Detector Eternal Spring Dream
29%
Undefined Fantastic Object Fires of Hokkai
29%
Antinomy of Common Flowers | Hopeless Masquerade | Hopeless Masquerade OST | +2 others Futatsuiwa From Gensokyo
29%
Phantasmagoria of Flower View | Retrospective 53 minutes | Scarlet Weather Rhapsody | Scarlet Weather Rhapsody OST Higan Retour ~ Riverside View
29%
Double Dealing Character | Urban Legend in Limbo Inchling of the Shining Needle ~ Little Princess
29%
Antinomy of Common Flowers | Antinomy of Common Flowers OST | Urban Legend in Limbo OST Inchlings of the Shining Needle ~ Little Princess
29%
Wily Beast and Weakest Creature Jelly Stone
29%
Double Dealing Character Magical Storm
29%
Sunken Fossil World OST Maiden's Cappricio
29%
Sunken Fossil World Maiden's Cappricio ~ Dream Battle
29%
Double Dealing Character Mist Lake
29%
Ten Desires Night Sakura of Dead Spirits
29%
Akyu's Untouched Score vol.2 | Mystic Square Plastic Mind
29%
Phantasmagoria of Flower View Poison Body ~ Forsaken Doll
29%
Unfinished Dream of All Living Ghost | Wily Beast and Weakest Creature Prince Shoutoku's Pegasus ~ Dark Pegasus
29%
Embodiment of Scarlet Devil Scarlet Chamber ~ Eastern Dream...
29%
Dr. Latency's Freak Report | Legacy of Lunatic Kingdom September Pumpkin
29%
Akyu's Untouched Score vol.1 | Lotus Land Story Sleeping Terror
29%
Imperishable Night Song of the Night Sparrow ~ Night Bird
29%
Imperishable Night Stirring an Autumn Moon ~ Mooned Insect
29%
Akyu's Untouched Score vol.4 | Phantasmagoria of Dim. Dream Tabula Rasa ~ The Empty Girl
29%
Mystic Square The Grimoire of Alice
29%
Akyu's Untouched Score vol.2 | Touhou Hisoutensoku | Touhou Hisoutensoku OST the Grimoire of Alice
29%
Dateless Bar "Old Adam" | Hopeless Masquerade | Hopeless Masquerade OST | +2 others The Lost Emotion
29%
Hopeless Masquerade OST The Lost Emotion (Arrange Version)
29%
Immaterial and Missing Power | Immaterial and Missing Power OST The Moon
29%
Mountain of Faith | Unfinished Dream of All Living Ghost The Primal Scene of Japan the Girl Saw
29%
Sunken Fossil World OST The Sealed-Away Youkai
29%
Subterranean Animism | Sunken Fossil World The Sealed-Away Youkai ~ Lost Place
29%
Undefined Fantastic Object The Sealed Cloud Route
29%
Wily Beast and Weakest Creature The Shining Law of the Strong Eating the Weak
29%
Antinomy of Common Flowers | Hopeless Masquerade | Hopeless Masquerade OST | +3 others The Traditional Old Man and the Stylish Girl
29%
Subterranean Animism | Sunken Fossil World | Sunken Fossil World OST Walking the Streets of a Former Hell
29%
100th Black Market | Rainbow-Colored Septentrion | Unconnected Marketeers Where Is That Bustling Marketplace Now ~ Immemorial Marketeers
29%
Subterranean Animism | Sunken Fossil World | Sunken Fossil World OST A Flower-Studded Sake Dish on Mt. Ooe
21%
Mountain of Faith A God That Misses People ~ Romantic Fall
21%
Akyu's Untouched Score vol.2 | Mystic Square Alice in Wonderland
21%
Akyu's Untouched Score vol.1 | Lotus Land Story Alice Maestra
21%
Legacy of Lunatic Kingdom A World of Nightmares Never Seen Before
21%
Double Dealing Character Bamboo Forest of the Full Moon
21%
Unconnected Marketeers Banditry Technology
21%
Fossilized Wonders Because the Last One is Used to it ~ Stone Goddess
21%
Akyu's Untouched Score vol.5 | Highly Responsive to Prayers Civilization of Magic
21%
Hidden Star in Four Seasons | Taboo Japan Disentanglement Crazy Backup Dancers
21%
Scarlet Weather Rhapsody | Scarlet Weather Rhapsody OST Crimson in the Black Sea ~ Legendary Fish
21%
Akyu's Untouched Score vol.1 | Lotus Land Story Days
21%
Akyu's Untouched Score vol.2 | Mystic Square End of the World ~ World's End
21%
Wily Beast and Weakest Creature Entrust this World to Idols ~ Idolatrize World
21%
Akyu's Untouched Score vol.1 | Lotus Land Story Faint Dream ~ Inanimate Dream
21%
Akyu's Untouched Score vol.1 Faint Dream ~ Inanimate Dream (Unused Version)
21%
Legacy of Lunatic Kingdom Faraway Voyage of 380,000 Kilometers
21%
Highly Responsive to Prayers Highly Responsive to Prayers
21%
Wily Beast and Weakest Creature Joutoujin of Ceramics
21%
Neo-Traditionalism of Japan | Ten Desires Let's Live in a Lovely Cemetery
21%
Great Fairy Wars Loose Rain
21%
Violet Detector Lucid Dreamer
21%
100th Black Market | Violet Detector Lunatic Dreamer
21%
Unfinished Dream of All Living Ghost Magical Beast Scramble
21%
Akyu's Untouched Score vol.2 | Mystic Square Maple Wise
21%
Scarlet Weather Rhapsody OST Night Falls
21%
Antinomy of Common Flowers OST | Changeability of Strange Dream | Immaterial and Missing Power | +2 others Night Falls ~ Evening Star
21%
Immaterial and Missing Power OST Night Falls ~ Evening Star (Arrange)
21%
Violet Detector Nightmare Diary
21%
Akyu's Untouched Score vol.5 | Highly Responsive to Prayers Now, Until the Moment You Die
21%
Antinomy of Common Flowers | Dateless Bar "Old Adam" | Hopeless Masquerade | +4 others Omiwa Legend
21%
Fossilized Wonders | Great Fairy Wars | Unconnected Marketeers Player's Score
21%
Akyu's Untouched Score vol.4 | Dolls in Pseudo Paradise | Phantasmagoria of Dim. Dream Reincarnation
21%
Legacy of Lunatic Kingdom Reversed Wheel of Fortune
21%
Dateless Bar "Old Adam" | Undefined Fantastic Object Rural Makai City Esoteria
21%
Akyu's Untouched Score vol.4 | Phantasmagoria of Dim. Dream Sailor of Time
21%
Sunken Fossil World | Sunken Fossil World OST | Wily Beast and Weakest Creature Seraphic Chicken
21%
Taboo Japan Disentanglement | Unconnected Marketeers Smoking Dragon
21%
Hopeless Masquerade | Hopeless Masquerade OST | Phantasmagoria of Flower View Spring Lane ~ Colorful Path
21%
Great Fairy Wars | Oriental Sacred Place 3 (CD) Staking Your Life on a Prank
21%
Hidden Star in Four Seasons | Taboo Japan Disentanglement | Violet Detector The Concealed Four Seasons
21%
Dr. Latency's Freak Report | Legacy of Lunatic Kingdom The Frozen Eternal Capital
21%
Mountain of Faith The Gods Give Us Blessed Rain ~ Sylphid Dream
21%
Antinomy of Common Flowers | Antinomy of Common Flowers OST The Ground's Color is Yellow ~ Primrose
21%
Fossilized Wonders There's a Monster in the Woods
21%
Undefined Fantastic Object The Tiger-Patterned Bishamonten
21%
Antinomy of Common Flowers OST | Sunken Fossil World | Sunken Fossil World OST Tonight Stars an Easygoing Egoist ~ Egoistic Flowers
21%
Antinomy of Common Flowers | Antinomy of Common Flowers OST Tonight Stars an Easygoing Egoist (Live ver.) ~ Egoistic Flowers
21%
Akyu's Untouched Score vol.2 | Mystic Square Treacherous Maiden ~ Judas Kiss
21%
Trojan Green Asteroid | Undefined Fantastic Object UFO Romance in the Night Sky
21%
Wily Beast and Weakest Creature Unlocated Hell
21%
Akyu's Untouched Score vol.1 | Lotus Land Story | Scarlet Weather Rhapsody | Scarlet Weather Rhapsody OST Vessel of Stars ~ Casket of Star
21%
Fossilized Wonders Watatsuki's Spell Card ~ Divine Sea Battle
21%
Ten Desires Welcome to Youkai Temple
21%
Shoot the Bullet Wind Circulation ~ Wind Tour
21%
Hidden Star in Four Seasons A Midsummer Fairy's Dream
14%
Hopeless Masquerade | Hopeless Masquerade OST An Unpopular Location
14%
Hidden Star in Four Seasons | Unfinished Dream of All Living Ghost A Pair of Divine Beasts
14%
Hopeless Masquerade | Hopeless Masquerade OST A Popular Location
14%
Undefined Fantastic Object A Shadow in the Blue Sky
14%
Hidden Star in Four Seasons A Star of Hope Rises in the Blue Sky
14%
Subterranean Animism Awakening of the Earth Spirits
14%
Urban Legend in Limbo | Urban Legend in Limbo OST Bamboo Forest in Flames
14%
Double Spoiler Bell of Avīci ~ Infinite Nightmare
14%
Unknown Flower, Mesmerizing Journey Bell of Avici ~ Infinite Nightmare
14%
Akyu's Untouched Score vol.3 | Story of Eastern Wonderland Bet on Death
14%
Akyu's Untouched Score vol.2 | Mystic Square Bizarre Romantic Story ~ Mystic Square
14%
Akyu's Untouched Score vol.5 | Highly Responsive to Prayers Blade of Banishment
14%
Antinomy of Common Flowers OST | Scarlet Weather Rhapsody | Scarlet Weather Rhapsody OST Catastrophe in Bhavaagra ~ Wonderful Heaven
14%
Akyu's Untouched Score vol.3 | Story of Eastern Wonderland Complete Darkness
14%
Akyu's Untouched Score vol.1 | Lotus Land Story Cute Devil ~ Innocence
14%
Ten Desires Desire Dream
14%
Akyu's Untouched Score vol.4 | Immaterial and Missing Power | Immaterial and Missing Power OST | +3 others Eastern Mystical Tale of Romance
14%
Touhou Hisoutensoku Eastern Mystical Tale of Romance (End of Century)
14%
Immaterial and Missing Power OST Eastern Mystical Tale of Romance (Second Sign Arrange)
14%
Imperishable Night Eastern Youkai Beauty
14%
Wily Beast and Weakest Creature Electric Heritage
14%
Akyu's Untouched Score vol.3 | Story of Eastern Wonderland End of Daylight
14%
Subterranean Animism Energy Daybreak ~ Future Dream...
14%
Imperishable Night Eternal Dream ~ Mystical Maple
14%
Dr. Latency's Freak Report | Impossible Spell Card Eternal Transient Reign
14%
Sunken Fossil World | Sunken Fossil World OST | Wily Beast and Weakest Creature Everlasting Red Spider Lily
14%
Urban Legend in Limbo | Urban Legend in Limbo OST Fair Scramble
14%
Bohemian Archive in Japanese Red Flower Reflecting Mound ~ after Higan Retour
14%
Phantasmagoria of Flower View Flower Reflecting Mound ~ Higan Retour
14%
Dolls in Pseudo Paradise Forest of Dolls
14%
Immaterial and Missing Power | Immaterial and Missing Power OST | Touhou Hisoutensoku | Touhou Hisoutensoku OST Forgathering Dream
14%
Akyu's Untouched Score vol.4 Game Over
14%
Perfect Cherry Blossom Ghostly Dream ~ Snow or Cherry Petal
14%
Fossilized Wonders Golden Land of Prester John
14%
Forbidden Scrollery (CD) Humans and Youkai Coming and Going at the Canal
14%
Double Dealing Character Humans and Youkai Traversing the Canal
14%
Double Dealing Character | Impossible Spell Card Illusionary Joururi
14%
Hidden Star in Four Seasons | Rainbow-Colored Septentrion Illusionary White Traveler
14%
Undefined Fantastic Object Interdimensional Voyage of a Ghostly Passenger Ship
14%
Neo-Traditionalism of Japan Izanagi Object
14%
Unconnected Marketeers Kitten of Great Fortune
14%
Antinomy of Common Flowers | Antinomy of Common Flowers OST | Urban Legend in Limbo | Urban Legend in Limbo OST Last Occultism ~ Esotericist of the Present World
14%
Akyu's Untouched Score vol.2 | Mystic Square Legendary illusion ~ Infinite Being
14%
Double Dealing Character Lonesome Werewolf
14%
Akyu's Untouched Score vol.1 | Lotus Land Story Lotus Love
14%
Akyu's Untouched Score vol.2 | Mystic Square Magic Formation ~ Magic Square
14%
Sunken Fossil World | Sunken Fossil World OST | The Grimoire of Maria (CD) Magician's Melancholy
14%
Akyu's Untouched Score vol.5 | Highly Responsive to Prayers Magic Mirror
14%
Double Dealing Character Mermaid from the Uncharted Land
14%
Impossible Spell Card Mermaid From the Uncharted Land
14%
Impossible Spell Card Midnight Spell Card
14%
Phantasmagoria of Flower View Mound of Life
14%
Changeability of Strange Dream Mystical Maple ~ Eternal Dream
14%
Double Spoiler Nemesis' Stronghold
14%
Urban Legend in Limbo | Urban Legend in Limbo OST 2 Neo Bamboo Forest in Flames
14%
Urban Legend in Limbo | Urban Legend in Limbo OST Occult à la Carte
14%
Dateless Bar "Old Adam" | Violet Detector Old Adam Bar
14%
Touhou Hisoutensoku | Touhou Hisoutensoku OST Our Hisoutensoku
14%
Touhou Hisoutensoku OST Our Hisoutensoku (Full ver.)
14%
Touhou Hisoutensoku OST Our Hisoutensoku (Karaoke ver.)
14%
Retrospective 53 minutes | Shoot the Bullet Retrospective Kyoto
14%
Akyu's Untouched Score vol.2 | Mystic Square Romantic Children
14%
Mountain of Faith Sealed Gods
14%
Hidden Star in Four Seasons | Sunken Fossil World Secret God Matara ~ Hidden Star in All Seasons
14%
Mountain of Faith Shrine at the Foot of the Mountain
14%
Ten Desires Spirit of Avarice
14%
Ten Desires Starry Sky of Small Desires
14%
Hidden Star in Four Seasons The Colorless Wind on Youkai Mountain
14%
Double Dealing Character The Exaggerated Castle Keep
14%
Immaterial and Missing Power OST The Fabled Land of Onigashima
14%
Immaterial and Missing Power OST The Fabled Land of Onigashima (Arrange)
14%
Immaterial and Missing Power The Fabled Land of Onigashima ~ Missing Power
14%
Perfect Cherry Blossom The Fantastic Legend of Tohno
14%
Scarlet Weather Rhapsody | Scarlet Weather Rhapsody OST The Ground's Color is Yellow
14%
Ten Desires The Hall of Dreams' Great Mausoleum
14%
Unconnected Marketeers | Unfinished Dream of All Living Ghost The Long-Awaited Oumagatoki
14%
Akyu's Untouched Score vol.5 Theme of Eastern Story
14%
Legacy of Lunatic Kingdom The Mysterious Shrine Maiden Flying Through Space
14%
Unconnected Marketeers The Perpetual Snow of Komakusa Blossoms
14%
Unconnected Marketeers The Princess Who Slays Dragon Kings
14%
Dr. Latency's Freak Report | Legacy of Lunatic Kingdom The Sea that Reflects One's Home Planet
14%
Double Dealing Character | Dr. Latency's Freak Report The Shining Needle Castle Sinking in the Air
14%
Wily Beast and Weakest Creature The Stone Baby and the Submerged Bovine
14%
Akyu's Untouched Score vol.3 | Story of Eastern Wonderland The Tank Girl's Dream
14%
Immaterial and Missing Power | Immaterial and Missing Power OST The Witches' Ball
14%
Unfinished Dream of All Living Ghost The World Is Made in an Adorable Way
14%
Unfinished Dream of All Living Ghost Tiny Shangri-La
14%
Unfinished Dream of All Living Ghost | Wily Beast and Weakest Creature Tortoise Dragon ~ Fortune and Misfortune
14%
Legacy of Lunatic Kingdom | Unfinished Dream of All Living Ghost Unforgettable, the Nostalgic Greenery
14%
Urban Legend in Limbo | Urban Legend in Limbo OST 2 Unknown X ~ Occultly Madness
14%
Neo-Traditionalism of Japan | Touhou Hisoutensoku | Touhou Hisoutensoku OST Unknown X ~ Unfound Adventure
14%
Silent Sinner in Blue (CD) Watatsuki's Spell Card ~ Lunatic Blue
14%
Akyu's Untouched Score vol.1 | Lotus Land Story Witching Dream
14%
Ten Desires Youkai Girl at the Gate
14%
Undefined Fantastic Object Youkai Temple
14%
Unfinished Dream of All Living Ghost A Beast's Intelligence
7%
Embodiment of Scarlet Devil A Dream More Scarlet Than Red
7%
Silent Sinner in Blue (CD) A Drunkard's Lemuria (Retro Ver)
7%
Bohemian Archive in Japanese Red | Phantasmagoria of Flower View Adventure of the Lovestruck Tomboy
7%
Great Fairy Wars | Oriental Sacred Place 2 (CD) A Midnight Fairy Dance
7%
Urban Legend in Limbo | Urban Legend in Limbo OST An Everyday Life With Balls
7%
Akyu's Untouched Score vol.5 | Highly Responsive to Prayers Angel's Legend
7%
Great Fairy Wars An Ice Fairy in Spring
7%
Akyu's Untouched Score vol.1 | Lotus Land Story Arcadian Dream
7%
Scarlet Weather Rhapsody | Scarlet Weather Rhapsody OST Argue for and Against
7%
Antinomy of Common Flowers | Antinomy of Common Flowers OST A Rose Blooming in the Underworld
7%
Akyu's Untouched Score vol.5 | Highly Responsive to Prayers A Sacred Lot
7%
Unconnected Marketeers A Shower of Strange Occurrences
7%
Immaterial and Missing Power | Immaterial and Missing Power OST Bad Omen
7%
Antinomy of Common Flowers | Antinomy of Common Flowers OST | Urban Legend in Limbo | Urban Legend in Limbo OST Battlefield of the Flower Threshold
7%
Fossilized Wonders Beloved Dwelling of Dust
7%
Scarlet Weather Rhapsody | Scarlet Weather Rhapsody OST Bhavaagra as Seen Through a Child's Mind
7%
Forbidden Scrollery (CD) Bibliophile with a Deciphering Eye
7%
100th Black Market Black Markets Can Happen Anywhere, Anytime
7%
Retrospective 53 minutes Blue Sea of 53 Minutes
7%
Eastern and Little Nature Deity | Strange and Bright Nature Deity 2 (CD) Can't Sleep Because It's Nighttime
7%
Phantasmagoria of Dim. Dream Charater Selection
7%
Impossible Spell Card Cheat Against the Impossible Danmaku
7%
Perfect Memento in Strict Sense Child of Are
7%
Double Spoiler Congratulation Screen / Hatate Unlock Theme
7%
Antinomy of Common Flowers | Antinomy of Common Flowers OST Constant and Unchanging Temple of Worship
7%
Akyu's Untouched Score vol.1 | Lotus Land Story Decoration Battle
7%
Akyu's Untouched Score vol.1 Decoration Battle (Unused Version)
7%
Hidden Star in Four Seasons Deep-Mountain Encounter
7%
Immaterial and Missing Power | Immaterial and Missing Power OST Demonic Place
7%
Immaterial and Missing Power | Immaterial and Missing Power OST | Magical Astronomy Demystify Feast
7%
Immaterial and Missing Power OST Demystify Feast (Arrange)
7%
Touhou Hisoutensoku | Touhou Hisoutensoku OST Dichromatic Lotus Butterfly ~ Ancients
7%
Antinomy of Common Flowers | Dolls in Pseudo Paradise | Urban Legend in Limbo | Urban Legend in Limbo OST Dichromatic Lotus Butterfly ~ Red and White
7%
Hidden Star in Four Seasons | Taboo Japan Disentanglement Does the Forbidden Door Lead to This World, or the World Beyond?
7%
Akyu's Untouched Score vol.2 | Mystic Square Doll of Misery
7%
Akyu's Untouched Score vol.1 | Lotus Land Story Dream Land
7%
Perfect Cherry Blossom Dream of a Spring Breeze
7%
Antinomy of Common Flowers | Antinomy of Common Flowers OST Dream World Folklore
7%
Akyu's Untouched Score vol.5 | Dolls in Pseudo Paradise | Highly Responsive to Prayers Eastern Tale of Fancy
7%
Immaterial and Missing Power | Immaterial and Missing Power OST Eastern Wind
7%
Dolls in Pseudo Paradise Enigmatic Doll
7%
Antinomy of Common Flowers | Antinomy of Common Flowers OST Equality Under the Law of Dharma
7%
Fossilized Wonders Even if Forgotten by the World
7%
Imperishable Night Evening Primrose
7%
Fossilized Wonders Fantastic Drift
7%
Scarlet Weather Rhapsody | Scarlet Weather Rhapsody OST Flawless as Clothing of the Celestials
7%
Antinomy of Common Flowers OST Flawless as Clothing of the Celestials ~ Yellow Lily
7%
Phantasmagoria of Flower View Flower of Soul ~ Another Dream...
7%
Akyu's Untouched Score vol.3 | Story of Eastern Wonderland Forest of Tohno
7%
Magical Astronomy Greenwich in the Sky
7%
Akyu's Untouched Score vol.3 | Story of Eastern Wonderland Hakurei ~ Eastern Wind
7%
Fossilized Wonders Hallucination Atop a Bivalve
7%
Akyu's Untouched Score vol.3 | Story of Eastern Wonderland Himorogi, Burn in Violet
7%
Akyu's Untouched Score vol.1 | Lotus Land Story Illusion of a Maid ~ Icemilk Magic
7%
Immaterial and Missing Power | Immaterial and Missing Power OST Intermezzo
7%
Hidden Star in Four Seasons Into Backdoor
7%
Akyu's Untouched Score vol.5 | Highly Responsive to Prayers Iris
7%
Changeability of Strange Dream Kid's Festival ~ Innocent Treasures
7%
Hopeless Masquerade | Hopeless Masquerade OST Last Word Unleashed
7%
Retrospective 53 minutes Legend of Aokigahara
7%
Dolls in Pseudo Paradise Legend of Hourai
7%
Wily Beast and Weakest Creature Lost River
7%
100th Black Market | Unconnected Marketeers Lunar Rainbow
7%
Ghostly Field Club Magical Girl's Crusade
7%
Akyu's Untouched Score vol.4 | Phantasmagoria of Dim. Dream Maniacal Princess
7%
Akyu's Untouched Score vol.4 | Phantasmagoria of Dim. Dream Maple Dream...
7%
Sunken Fossil World | Sunken Fossil World OST Memento of All Organisms ~ Memory of Fossil Energy.
7%
Sunken Fossil World | Sunken Fossil World OST | Unfinished Dream of All Living Ghost Memento of the Avaricious Beast
7%
Sunken Fossil World OST Memento of the Avaricious Beast (Arrange Version)
7%
Ghostly Field Club Merry the Magician
7%
Hopeless Masquerade | Hopeless Masquerade OST Morning Clouds
7%
Antinomy of Common Flowers | Antinomy of Common Flowers OST Mushroom Waltz
7%
Double Dealing Character Mysterious, Mysterious Tools
7%
Double Spoiler Newshound
7%
Violet Detector Nightmare Journal
7%
Hidden Star in Four Seasons | Sunken Fossil World No More Going Through Doors
7%
Unconnected Marketeers Ore from the Age of the Gods
7%
Urban Legend in Limbo | Urban Legend in Limbo OST Outside World Folklore
7%
Antinomy of Common Flowers | Antinomy of Common Flowers OST Overcome a Thousand Trials
7%
Akyu's Untouched Score vol.3 | Story of Eastern Wonderland Power of Darkness
7%
Fossilized Wonders Reminiscence of Deer-Hunting
7%
Undefined Fantastic Object Returning Home From the Sky ~ Sky Dream
7%
Wily Beast and Weakest Creature Returning Home from the Underground
7%
Scarlet Weather Rhapsody | Scarlet Weather Rhapsody OST Ridiculous Game
7%
Fossilized Wonders Sacred Forest
7%
Immaterial and Missing Power | Immaterial and Missing Power OST Scarlet Night
7%
Akyu's Untouched Score vol.1 | Lotus Land Story Scarlet Symphony ~ Scarlet Phoneme
7%
Akyu's Untouched Score vol.4 Selection
7%
Urban Legend in Limbo | Urban Legend in Limbo OST Seven-Orb Collection Showdown
7%
Akyu's Untouched Score vol.3 | Story of Eastern Wonderland She's in a Temper!!
7%
Antinomy of Common Flowers | Antinomy of Common Flowers OST Shining Armillary Sphere
7%
Hopeless Masquerade Shinkirou Orchestra
7%
Hopeless Masquerade OST Shinkirou Orchestra (Short Version)
7%
Antinomy of Common Flowers | Antinomy of Common Flowers OST Shinkirou Theatrical
7%
Immaterial and Missing Power | Immaterial and Missing Power OST Silence
7%
Magical Astronomy | Shoot the Bullet Sleepless Night of the Eastern Country
7%
Antinomy of Common Flowers | Antinomy of Common Flowers OST Sleep Sheep Parade
7%
Immaterial and Missing Power | Immaterial and Missing Power OST Solitary Place
7%
Lotus Land Story Spirit Battle ~ Perdition Crisis
7%
Akyu's Untouched Score vol.1 Spirit Battle ~ Perdition crisis
7%
Strange and Bright Nature Deity 1 (CD) Sunny Milk's Scarlet Mist Incident
7%
Scarlet Weather Rhapsody | Scarlet Weather Rhapsody OST Swing a Fish to Drive Away Flies
7%
Akyu's Untouched Score vol.5 | Highly Responsive to Prayers Swordsman of a Distant Star
7%
Shoot the Bullet Tengu Is Watching ~ Black Eyes
7%
Shoot the Bullet Tengu's Notebook ~ Mysterious Note
7%
100th Black Market The 100th Black Market
7%
Unfinished Dream of All Living Ghost The Deviants' Unobstructed Light ~ Kingdom of Nothingness.
7%
Unconnected Marketeers The Great Fantastic Underground Railway Network
7%
Wily Beast and Weakest Creature The Lamentations Known Only to Jizo
7%
Akyu's Untouched Score vol.2 | Mystic Square the Last Judgement
7%
Akyu's Untouched Score vol.5 | Highly Responsive to Prayers the Legend of KAGE
7%
Unfinished Dream of All Living Ghost The Oni on the Perpetual Mountain
7%
Unfinished Dream of All Living Ghost The Path to Yomi Where None Turn Back
7%
Akyu's Untouched Score vol.5 | Highly Responsive to Prayers The Positive and Negative
7%
Great Fairy Wars | Strange and Bright Nature Deity 2 (CD) The Refrain of the Lovely Great War
7%
Hopeless Masquerade OST This Dull World's Unchanging Pessimism ~ Shinkirou Orchestra
7%
Double Dealing Character Thunderclouds of Magical Power
7%
Unknown Flower, Mesmerizing Journey Unknown Flower, Mesmerizing Journey
7%
Scarlet Weather Rhapsody | Scarlet Weather Rhapsody OST Usual Days
7%
Unfinished Dream of All Living Ghost Vampiric Cryptid Chupacabra
7%
Akyu's Untouched Score vol.4 | Phantasmagoria of Dim. Dream Vanishing Dream ~ Lost Dream
7%
Akyu's Untouched Score vol.4 Victory Demonstration
7%
Phantasmagoria of Flower View | Retrospective 53 minutes White Flag of Usa Shrine
7%
Hidden Star in Four Seasons White Traveler
7%
Dolls in Pseudo Paradise Witch of Love Potion
7%
Double Spoiler | Oriental Sacred Place 1 (CD) Youkai Modern Colony
7%
Silent Sinner in Blue (CD) Youkai Space Travel
7%
Unfinished Dream of All Living Ghost A Brave and Leisurely Beast
0%
Akyu's Untouched Score vol.4 | Phantasmagoria of Dim. Dream Adoration of Magic
0%
Akyu's Untouched Score vol.4 | Phantasmagoria of Dim. Dream A Dream Transcending Space Time
0%
Dateless Bar "Old Adam" Adventurer's Tavern of the Old World
0%
Touhou Hisoutensoku OST A Huge Shadow and a Tiny Conclusion
0%
Strange and Bright Nature Deity 1 (CD) A Land Resplendent With Nature's Beauty
0%
Trojan Green Asteroid Ame-no-torifune Shrine
0%
Ghostly Field Club Ancient Temple of the Netherworld
0%
Embodiment of Scarlet Devil An Eternity More Transient Than Scarlet
0%
Ten Desires A New Wind at the Shrine
0%
100th Black Market An Exciting and Familiar Gensokyo
0%
Great Fairy Wars An Ice Fairy in Spring - Still -
0%
Dr. Latency's Freak Report An Instant that Exceeds Planck's Time
0%
Antinomy of Common Flowers | Antinomy of Common Flowers OST An Odd Couple
0%
Hopeless Masquerade OST An Unused Location
0%
Story of Eastern Wonderland A Phantom's Boisterous Dance
0%
100th Black Market | Unconnected Marketeers A Rainbow-Colored World
0%
Unconnected Marketeers A Rainbow Spanning Gensokyo
0%
Urban Legend in Limbo | Urban Legend in Limbo OST Arrival of the Winds of the Era
0%
Scarlet Weather Rhapsody | Scarlet Weather Rhapsody OST Beautiful Nature Sight
0%
Antinomy of Common Flowers | Antinomy of Common Flowers OST Being Things Eye to Eye
0%
Urban Legend in Limbo | Urban Legend in Limbo OST Believe in Possibilities
0%
Urban Legend in Limbo | Urban Legend in Limbo OST 2 Bell of Aeons
0%
Urban Legend in Limbo | Urban Legend in Limbo OST Bell of the Antipodes
0%
Fossilized Wonders Beloved Daily Life
0%
Antinomy of Common Flowers | Antinomy of Common Flowers OST Bhavaagra as Far as the Eye Can See
0%
Antinomy of Common Flowers | Antinomy of Common Flowers OST Blizzard of Scattering Possession Flowers
0%
Antinomy of Common Flowers OST Blooms of Spirit Possession
0%
Changeability of Strange Dream Border Between Dreams and Reality
0%
Akyu's Untouched Score vol.1 Border Land
0%
Urban Legend in Limbo | Urban Legend in Limbo OST 2 Boundary Folklore
0%
Changeability of Strange Dream Boys and Girls of the Age of Science
0%
Antinomy of Common Flowers | Antinomy of Common Flowers OST Branches Reaching to the Truth
0%
Akyu's Untouched Score vol.1 | Lotus Land Story Break the Sabbath
0%
Antinomy of Common Flowers Catastrophe in Bhavaagra ~ Wonderful Heaven
0%
Magical Astronomy Celestial Wizardry ~ Magical Astronomy
0%
Dolls in Pseudo Paradise Circus Reverie
0%
Antinomy of Common Flowers | Antinomy of Common Flowers OST Corridor Stretching to Eternity
0%
Akyu's Untouched Score vol.1 Crescent Dream
0%
Akyu's Untouched Score vol.2 | Mystic Square Crimson Maiden ~ Crimson Dead!!
0%
Scarlet Weather Rhapsody | Scarlet Weather Rhapsody OST Dancing Water Spray
0%
Scarlet Weather Rhapsody | Scarlet Weather Rhapsody OST Darkening Dusk
0%
Taboo Japan Disentanglement Dawn Breaks on Tanabatazaka
0%
Phantasmagoria of Flower View Deaf to All but th Song ~ Flower Mix
0%
Akyu's Untouched Score vol.4 | Phantasmagoria of Dim. Dream Decisive Magic Battle! ~ Fight it Out!
0%
Akyu's Untouched Score vol.3 Demon-Sealing Finale
0%
Sunken Fossil World | Sunken Fossil World OST Depths of the Earth, Ocean of Avarice
0%
Touhou Hisoutensoku | Touhou Hisoutensoku OST Did You See That Shadow?
0%
Akyu's Untouched Score vol.2 | Mystic Square Dimension of Reverie
0%
Akyu's Untouched Score vol.4 | Phantasmagoria of Dim. Dream Disunified Field Theory of Magic
0%
Unfinished Dream of All Living Ghost Do Beasts Have Intelligence?
0%
Akyu's Untouched Score vol.2 | Mystic Square Dream Express
0%
Akyu's Untouched Score vol.4 | Phantasmagoria of Dim. Dream Dream of Eternity
0%
Changeability of Strange Dream Dream of Huaxu
0%
Akyu's Untouched Score vol.1 Dreamy pilot
0%
Dr. Latency's Freak Report Dr. Latency's Sleepless Eyes
0%
Urban Legend in Limbo | Urban Legend in Limbo OST Each Ending
0%
Akyu's Untouched Score vol.4 | Phantasmagoria of Dim. Dream Eastern Blue Sky
0%
Akyu's Untouched Score vol.3 Eastern Demon-Sealing Record ~ A Phantom's Boisterous Dance
0%
Akyu's Untouched Score vol.3 | Story of Eastern Wonderland Eastern Demon-Sealing Record ~ Pure Land Mandala
0%
Immaterial and Missing Power | Immaterial and Missing Power OST Eastern Forgathering Dream
0%
Immaterial and Missing Power OST Eastern Forgathering Dream (Arrange)
0%
Scarlet Weather Rhapsody | Scarlet Weather Rhapsody OST Eastern Heaven of Scarlet Perception
0%
Sunken Fossil World | Sunken Fossil World OST Eastern Strange Tale of Avarice
0%
Akyu's Untouched Score vol.2 | Mystic Square Endless
0%
Immaterial and Missing Power | Immaterial and Missing Power OST End of Summer
0%
Ghostly Field Club Eternal Festival of Illusions
0%
Akyu's Untouched Score vol.4 | Phantasmagoria of Dim. Dream Eternal Full Moon
0%
Akyu's Untouched Score vol.2 | Mystic Square Eternal Paradise
0%
Akyu's Untouched Score vol.3 | Story of Eastern Wonderland Extra Love
0%
Changeability of Strange Dream Fantasy Machine ~ Phantom Factory
0%
Antinomy of Common Flowers Flawless as Clothing of the Celestials ~ Yellow Lily
0%
Antinomy of Common Flowers | Antinomy of Common Flowers OST Floating with the Tide
0%
Ghostly Field Club Flower of Past Days ~ Fairy of Flower
0%
Perfect Memento in Strict Sense Fly above Hatoyama at night - Power MIX
0%
Akyu's Untouched Score vol.2 | Mystic Square Forbidden Magic
0%
Urban Legend in Limbo | Urban Legend in Limbo OST Forms of Manifested Folklore
0%
Fossilized Wonders Four-Color Labyrinth
0%
Scarlet Weather Rhapsody | Scarlet Weather Rhapsody OST Fragrant Plants
0%
Scarlet Weather Rhapsody | Scarlet Weather Rhapsody OST Free and Easy
0%
Neo-Traditionalism of Japan Gathering the Mysterious from All Around Japan
0%
Urban Legend in Limbo | Urban Legend in Limbo OST Gensokyo Mystery Discovery
0%
Magical Astronomy G Free
0%
Akyu's Untouched Score vol.4 | Phantasmagoria of Dim. Dream Ghostly Person's Holiday
0%
Taboo Japan Disentanglement Ghosts Exist Even When It's Not Night
0%
Ghostly Field Club Girls' Secret Sealing Club
0%
Antinomy of Common Flowers | Antinomy of Common Flowers OST Grandiloquence
0%
Neo-Traditionalism of Japan Green Sanatorium
0%
Akyu's Untouched Score vol.3 Hakurei Shrine Grounds
0%
Dateless Bar "Old Adam" Hangover of Bedfellows Dreaming Differently
0%
Urban Legend in Limbo | Urban Legend in Limbo OST Heart-Stirring Urban Legends
0%
Scarlet Weather Rhapsody | Scarlet Weather Rhapsody OST Heaven of Scarlet Perception
0%
Akyu's Untouched Score vol.5 Highly Responsive to Prayers
0%
Scarlet Weather Rhapsody OST Hiroari Shoots a Strange Bird ~ Till When?
0%
Retrospective 53 minutes Hiroshige No.36 ~ Neo Super-Express
0%
The Grimoire of Maria (CD) Illusionary Sputnik Night
0%
Antinomy of Common Flowers | Antinomy of Common Flowers OST Immortal Red Soul
0%
Akyu's Untouched Score vol.1 Incomplete Plot
0%
Antinomy of Common Flowers | Antinomy of Common Flowers OST In High Spirits
0%
Immaterial and Missing Power | Immaterial and Missing Power OST Inner Heart
0%
Antinomy of Common Flowers | Antinomy of Common Flowers OST In the Deep-Green Tanuki Forest
0%
Perfect Memento in Strict Sense Japanese Saga
0%
Sunken Fossil World | Sunken Fossil World OST Laws of Heaven, Desires of Man
0%
Neo-Traditionalism of Japan Led On by a Cow to Visit Zenkou Temple
0%
Akyu's Untouched Score vol.3 | Story of Eastern Wonderland Legendary Wonderland
0%
Eastern and Little Nature Deity | Strange and Bright Nature Deity 2 (CD) Like the Brilliance of Fairies
0%
Antinomy of Common Flowers Lost Emotion
0%
Akyu's Untouched Score vol.1 Lotus Road
0%
Dolls in Pseudo Paradise Lovely Mound of Cherry Blossoms ~ Japanese Flower
0%
Urban Legend in Limbo | Urban Legend in Limbo OST 2 Madness of Visages ~ Horrible Night
0%
Double Dealing Character Magical Power of the Mallet
0%
Akyu's Untouched Score vol.1 Magic Shop of Raspberry
0%
Fossilized Wonders Might as Well Stake Your Life to Solve the Riddle
0%
Taboo Japan Disentanglement Mugen Noh ~ Taboo Marionette
0%
Double Dealing Character Mysterious Purification Rod
0%
Akyu's Untouched Score vol.2 | Mystic Square Mystic Dream
0%
Antinomy of Common Flowers Night Falls ~ Evening Star
0%
Urban Legend in Limbo | Urban Legend in Limbo OST 2 Occult Attract
0%
Hopeless Masquerade | Hopeless Masquerade OST Officially-Sanctioned Twilight Newspaper
0%
Hopeless Masquerade OST Officially-Sanctioned Twilight Newspaper (Short Version)
0%
Akyu's Untouched Score vol.5 | Highly Responsive to Prayers Oriental Magician
0%
Dateless Bar "Old Adam" Outsider Cocktail
0%
Ghostly Field Club Passing on Through the Dendera Fields in the Night
0%
Akyu's Untouched Score vol.1 | Lotus Land Story Peaceful
0%
Akyu's Untouched Score vol.2 | Mystic Square Peaceful Romancer
0%
Hopeless Masquerade | Hopeless Masquerade OST Performer Selection
0%
Akyu's Untouched Score vol.4 Phantasmagoria
0%
Hopeless Masquerade OST Popularity Boom / Byakuren Hijiri
0%
Hopeless Masquerade OST Popularity Boom / Hata no Kokoro
0%
Hopeless Masquerade OST Popularity Boom / Ichirin Kumoi & Unzan
0%
Hopeless Masquerade OST Popularity Boom / Koishi Komeiji
0%
Hopeless Masquerade OST Popularity Boom / Mamizou Futatsuiwa
0%
Hopeless Masquerade OST Popularity Boom / Marisa Kirisame
0%
Hopeless Masquerade OST Popularity Boom / Mononobe no Futo
0%
Hopeless Masquerade OST Popularity Boom / Nitori Kawashiro
0%
Hopeless Masquerade OST Popularity Boom / Reimu Hakurei
0%
Hopeless Masquerade OST Popularity Boom / Toyosatomimi no Miko
0%
Antinomy of Common Flowers | Antinomy of Common Flowers OST Possession Flowers in Full Bloom
0%
Antinomy of Common Flowers | Antinomy of Common Flowers OST Possession Flowers Yet to Bud
0%
Unfinished Dream of All Living Ghost Pre-Battle Conversation theme 1
0%
Unfinished Dream of All Living Ghost Pre-Battle Conversation theme 2
0%
Impossible Spell Card Raise the Flag of Cheating
0%
Neo-Traditionalism of Japan Rear Temple Path of Youkai
0%
Impossible Spell Card Romantic Escape Fiight
0%
Fossilized Wonders Sacred Precincts of the Pyramid
0%
Magical Astronomy Satellite Café Terrace
0%
Trojan Green Asteroid Satellite TORIFUNE
0%
Touhou Hisoutensoku | Touhou Hisoutensoku OST Scenery with Dolls
0%
Antinomy of Common Flowers | Antinomy of Common Flowers OST Scheming Outside the Box
0%
Dr. Latency's Freak Report Schrödinger's Bakeneko
0%
Antinomy of Common Flowers | Antinomy of Common Flowers OST Seeds of the Incident
0%
Lotus Land Story Selene's Light
0%
Akyu's Untouched Score vol.1 Selene's light
0%
Hopeless Masquerade OST Shinkirou Festival Orchestra
0%
Akyu's Untouched Score vol.2 | Mystic Square Shinto Shrine
0%
Fossilized Wonders Shrine Maiden Crowned with Glory
0%
Wily Beast and Weakest Creature Silent Beast Spirits
0%
Scarlet Weather Rhapsody | Scarlet Weather Rhapsody OST Skies Beyond the Clouds
0%
Immaterial and Missing Power | Immaterial and Missing Power OST Skygazer
0%
Akyu's Untouched Score vol.2 | Mystic Square Soul's Resting Place
0%
Akyu's Untouched Score vol.2 | Mystic Square Spiritual Heaven
0%
Antinomy of Common Flowers | Antinomy of Common Flowers OST Sprouts of Suspicion
0%
Akyu's Untouched Score vol.4 Starbow Dream
0%
Unconnected Marketeers Starry Mountain of Tenma
0%
Strange and Bright Nature Deity 1 (CD) Star Voyage 2008
0%
Sunken Fossil World | Sunken Fossil World OST Submerged Hell of Sunken Sorrow
0%
Sunken Fossil World OST Submerged Hell of Sunken Sorrow (Arrange Version)
0%
Akyu's Untouched Score vol.3 Sunfall
0%
Eastern and Little Nature Deity | Strange and Bright Nature Deity 2 (CD) Sunny Rutile Flection
0%
Immaterial and Missing Power | Immaterial and Missing Power OST Swift Battle
0%
Hidden Star in Four Seasons Swim in a Sakura-Colored Sea
0%
100th Black Market Take Thy Danmaku In Hand, O Bulletphiles
0%
Wily Beast and Weakest Creature The Animals' Rest
0%
Urban Legend in Limbo | Urban Legend in Limbo OST The Arcane is Revealed
0%
Trojan Green Asteroid The Barrier of Ame-no-torifune Shrine
0%
Unfinished Dream of All Living Ghost The Beast Kings' Rest
0%
Dr. Latency's Freak Report The Childlike Duo's Naturalis Historia
0%
Unconnected Marketeers The Cliff Hidden in Deep Green
0%
100th Black Market The Collector's Melancholy Afternoon
0%
Dolls in Pseudo Paradise The Curious Everyday Life of the Flying Shrine Maiden
0%
Antinomy of Common Flowers | Antinomy of Common Flowers OST The Curtain Shall Rise Soon
0%
Dateless Bar "Old Adam" | Violet Detector The Darkness Brought In by Swallowstone Naturalis Historia
0%
Subterranean Animism The Earth Spirits' Homecoming
0%
Antinomy of Common Flowers | Antinomy of Common Flowers OST | Touhou Hisoutensoku | Touhou Hisoutensoku OST The Eternal Steam Engine
0%
Trojan Green Asteroid The Fairies' Adventurous Tale
0%
Strange and Bright Nature Deity 3 (CD) The Fairy's Adventurous Tale
0%
Phantasmagoria of Flower View The Flowers Remain in Fantasy
0%
Trojan Green Asteroid The Gensokyo That Floats in Outer Space
0%
Oriental Sacred Place 1 (CD) The Hide-and-Seek Lifestyle at the Shrine
0%
Akyu's Untouched Score vol.1 | Lotus Land Story The Inevitably Forbidden Game
0%
Antinomy of Common Flowers | Antinomy of Common Flowers OST The Inverted Castle Lit by the Setting Sun
0%
Legacy of Lunatic Kingdom The Lake Reflects the Cleansed Moonlight
0%
Taboo Japan Disentanglement The Lamentations Known Only by Jizo
0%
Touhou Hisoutensoku | Touhou Hisoutensoku OST The Legendary Titan
0%
Taboo Japan Disentanglement The Lonely Road of Hitachi
0%
Hidden Star in Four Seasons The Magic Straw-Hat Jizo
0%
Fossilized Wonders The Maiden Sinking into the Deep Sea of Memory
0%
Legacy of Lunatic Kingdom The Moon as Seen From the Shrine
0%
Magical Astronomy The Moon of the Other Side
0%
Phantasmagoria of Flower View The Mound Where the Flowers Reflect
0%
Double Spoiler The Mystery in Your Town
0%
Unconnected Marketeers The Obsolescent Industrial Remains
0%
Antinomy of Common Flowers | Antinomy of Common Flowers OST The One Jointly Responsible
0%
Antinomy of Common Flowers | Antinomy of Common Flowers OST The Palanquin Ship Flies in the Sky
0%
Retrospective 53 minutes The Purest Sky and Sea
0%
Antinomy of Common Flowers | Antinomy of Common Flowers OST The Ravine Kappa's Technological Prowess
0%
Hidden Star in Four Seasons The Sky Where Cherry Blossoms Flutter Down
0%
Legacy of Lunatic Kingdom The Space Shrine Maiden Appears
0%
Legacy of Lunatic Kingdom The Space Shrine Maiden Returns Home
0%
Unconnected Marketeers The Sunday After the Storm
0%
Dr. Latency's Freak Report The Taboo Membrane Wall
0%
Urban Legend in Limbo | Urban Legend in Limbo OST The Value is Unrealized
0%
Hopeless Masquerade | Hopeless Masquerade OST The Village in the Dead of Night
0%
Magical Astronomy The Wheelchair's Future of the Universe
0%
Rainbow-Colored Septentrion The Wolves of Nanatsuishi Dash to Seize the Clouds
0%
Hopeless Masquerade This Dull World's Unchanging Pessimism
0%
Urban Legend in Limbo | Urban Legend in Limbo OST Those Who Know the Truth
0%
Akyu's Untouched Score vol.1 | Lotus Land Story Those Who Live in Illusions
0%
Taboo Japan Disentanglement Tinkerbell of Inequality
0%
Fossilized Wonders To a World With Life and Death
0%
Hopeless Masquerade | Hopeless Masquerade OST Today's Front-Page Headline
0%
Trojan Green Asteroid Trojan Asteroid Jungle
0%
Antinomy of Common Flowers | Antinomy of Common Flowers OST Two Minds of One Body
0%
Strange and Bright Nature Deity 3 (CD) Two Worlds
0%
Ghostly Field Club Uncanny Bird of the Moon, Illusion of the Bakeneko
0%
Fossilized Wonders Unchanging Daily Life
0%
Immaterial and Missing Power | Immaterial and Missing Power OST Unexpected Visitor
0%
Hidden Star in Four Seasons Unnatural Nature
0%
Akyu's Untouched Score vol.4 | Phantasmagoria of Dim. Dream Visionary Game ~ Dream War
0%
Immaterial and Missing Power | Immaterial and Missing Power OST Wanderings
0%
Magical Astronomy Welcome to the Moon Tour
0%
Neo-Traditionalism of Japan Wind of Agartha
0%
Akyu's Untouched Score vol.4 Winds of Time
0%
Akyu's Untouched Score vol.3 | Story of Eastern Wonderland World of Empty Dreams
0%
Touhou Hisoutensoku | Touhou Hisoutensoku OST X, the Floating Object in the Sky
0%
Great Fairy Wars | Oriental Sacred Place 2 (CD) Year-Round Absorbed Curiosity
0%
100th Black Market Youkai Hook On
0%
Ten Desires Youkai Shrine's Back Road
0%
No matching quizzes found
Score Distribution
Percent of People with Each Score
Percentile by Number Answered
Your Score History
You have not taken this quiz since the last reset